Géographie à 6 lettres - Statistiques

Statistiques générales
  • Ce quiz a été pris 522 fois
    518 depuis la dernière actualisation
  • Le résultat moyen est 15 sur 20
Statistiques - réponses
Hint 6 lettres % Correct
Le plus grand pays d'Amérique du Sud Brésil
99%
Le plus grand pays d'Amérique du Nord Canada
99%
La plus grande ville d'Espagne Madrid
98%
Trinité-et-....? Tobago
94%
Ville italienne célèbre pour ses canaux Venise
93%
Le plus grand pays de l'UE France
90%
Capitale de Columbie Bogota
84%
Fleuve de Vienne et Budapest Danube
83%
Ville de ferry française sur la Manche Calais
79%
Capitale de la Bavière Munich
79%
Pays au sud de la frontière d'Egypte Soudan
79%
Pays voisins seulement la France Monaco
77%
'Pays' de Inverness et cornemuses Écosse
76%
Capitale de l'Arménie Erevan
75%
Pays voisins seulement le Sénégal Gambie
69%
Ville anciennement connue sous le nom de Bombay Mumbai
69%
État le plus septentrional des États-Unis Alaska
54%
Le plus long fleuve d'Asie du Sud-Est Mékong
51%
Ville hôte olympique en 1980 Moscou
28%
Pays africain de l'OPEP Angola
27%
Aucun quiz correspondant
Distribution des résultats
% des personnes avec chaque résultat
Percentile par nombre de réponses
Votre historique - résultats
Vous n’avez pas pris ce quiz depuis la dernière actualisation